000
00266nam a2200109Ia 4500
008
190216s9999||||xx |||||||||||||| ||und||
100
_a
Murthy G.P
245
0
_a
Case Book Of Management Accounting
260
_b
Cambridge Uty Press
_c
1978
300
_a
243p
942
_c
BK
999
_c
4786
_d
4786